[Event "Ruhrgebiet Regionalliga 1819"]
[Site "Nordrheinwestfalen"]
[Date "2018.10.28"]
[Round "3.8"]
[White "Bastians, Felix"]
[Black "Georg, Heinz"]
[Result "1-0"]
[WhiteElo "2088"]
[BlackElo "2071"]
[PlyCount "71"]
[EventDate "2018.09.02"]
[EventType "team-tourn"]
[EventRounds "11"]
[EventCountry "GER"]
[SourceTitle "EXT 2022"]
[Source "ChessBase"]
[SourceDate "2021.10.06"]
[SourceVersion "1"]
[SourceVersionDate "2021.10.06"]
[SourceQuality "1"]
[WhiteTeam "Welper SV"]
[BlackTeam "Kamen SV"]
[WhiteTeamCountry "GER"]
[BlackTeamCountry "GER"]

1. Nf3 f5 2. d3 d5 3. c4 e6 4. g3 Nf6 5. Bg2 Be7 6. 0-0 0-0 7. Qc2 c6 8. Nbd2 Na6 9. a3 c5 10. e4 d4 11. Re1 Rb8 12. exf5 exf5 13. Ne5 f4 14. Ne4 fxg3 15. hxg3 Ng4 16. Bf4 g5 17. Nxg4 gxf4 18. Qe2 Qb6 19. Bf3 Qg6 20. Kg2 fxg3 21. Nxg3 Rxf3 22. Qxf3 Bxg4 23. Qd5+ Kf8 24. Re4 Rd8 25. Qxb7 Bd7 26. Rae1 Qc6 27. Qb3 Bh4 28. Qd1 Qf6 29. Kg1 Bxg3 30. fxg3 Kg8 31. Qh5 Nc7 32. Qxc5 Bc6 33. Rg4+ Kh8 34. Rf4 Qd6 35. Qxd6 Rxd6 36. Re7 1-0

[Event "Ruhrgebiet Regionalliga 1718"]
[Site "Germany"]
[Date "2017.12.10"]
[Round "4.5"]
[White "Bastians, Felix"]
[Black "Buschmann, Andreas"]
[Result "1/2-1/2"]
[WhiteElo "2099"]
[BlackElo "2010"]
[PlyCount "182"]
[EventDate "2017.10.01"]
[EventType "team-tourn"]
[EventRounds "9"]
[EventCountry "GER"]
[SourceTitle "EXT 2022"]
[Source "ChessBase"]
[SourceDate "2021.10.06"]
[SourceVersion "1"]
[SourceVersionDate "2021.10.06"]
[SourceQuality "1"]
[WhiteTeam "Welper SV"]
[BlackTeam "Horst Emscher"]
[WhiteTeamCountry "GER"]
[BlackTeamCountry "GER"]

1. Nf3 g6 2. g3 Bg7 3. Bg2 e5 4. d3 d6 5. 0-0 f5 6. e4 fxe4 7. Ng5 Nf6 8. Nxe4 Nxe4 9. dxe4 0-0 10. h4 Be6 11. Be3 Nc6 12. Nd2 Qd7 13. c3 a5 14. a4 Rf7 15. Qe2 Raf8 16. Qb5 Kh8 17. Rad1 b6 18. Kh2 Nd8 19. Qxd7 Rxd7 20. Bh3 Bxh3 21. Kxh3 Ne6 22. Nc4 Rfd8 23. Rd5 Rf7 24. Kg2 Rdf8 25. f3 h5 26. Rf2 Kh7 27. Nxb6 cxb6 28. Bxb6 Nc5 29. Rxd6 Nxa4 30. Bxa5 Ra8 31. Rd5 Rb7 32. Bb4 Bf8 33. b3 Bxb4 34. cxb4 Nc3 35. Rc5 Nb5 36. Rxe5 Nd4 37. Rd2 Rxb4 38. Re7+ Kg8 39. Rd7 Ne6 40. Re7 Nf8 41. Rd3 Rab8 42. f4 Rxb3 43. Rxb3 Rxb3 44. Kf2 Rd3 45. Kg2 Nd7 46. Re8+ Kf7 47. Rd8 Ke7 48. Rg8 Nf8 49. Rg7+ Kf6 50. Rc7 Ne6 51. Rc6 Re3 52. Rc4 Nf8 53. Rc6+ Ke7 54. f5 gxf5 55. exf5 Nd7 56. Rc7 Rd3 57. g4 hxg4 58. h5 Kd6 59. Rc8 Ra3 60. Re8 Ne5 61. h6 Rh3 62. Re6+ Kd5 63. Kg1 Rh5 64. Ra6 Rxf5 65. Ra5+ Ke4 66. Ra4+ Kf3 67. h7 Rh5 68. Ra5 Kf4 69. Ra4+ Kf5 70. Ra7 Kg6 71. Re7 Nf3+ 72. Kg2 Rxh7 73. Re4 Kf5 74. Ra4 Rd7 75. Kg3 Rd3 76. Rf4+ Ke6 77. Kxg4 Ne5+ 78. Kg5 Rg3+ 79. Kh5 Rg1 80. Rf2 Ng4 81. Ra2 Kf5 82. Kh4 Ne5 83. Rf2+ Ke4 84. Rf6 Ng4 85. Rf8 Nh6 86. Kh3 Nf5 87. Ra8 Rg3+ 88. Kh2 Rg7 89. Kh3 Kf3 90. Ra3+ Ne3 91. Kh4 Rg8 1/2-1/2

[Event "Ruhrgebiet Regionalliga 1617"]
[Site "Germany"]
[Date "2017.03.19"]
[Round "8.3"]
[White "Bastians, Felix"]
[Black "Huettemann, Karl Heinz"]
[Result "1-0"]
[WhiteElo "2093"]
[BlackElo "2048"]
[PlyCount "79"]
[EventDate "2016.09.11"]
[EventType "team-tourn"]
[EventRounds "9"]
[EventCountry "GER"]
[SourceTitle "EXT 2022"]
[Source "ChessBase"]
[SourceDate "2021.10.06"]
[SourceVersion "1"]
[SourceVersionDate "2021.10.06"]
[SourceQuality "1"]
[WhiteTeam "Welper SV"]
[BlackTeam "Dortmund SV"]
[WhiteTeamCountry "GER"]
[BlackTeamCountry "GER"]

1. e4 c5 2. Nf3 Nf6 3. e5 Nd5 4. Nc3 e6 5. Nxd5 exd5 6. d4 Nc6 7. dxc5 Bxc5 8. Qxd5 Qb6 9. Bc4 Bxf2+ 10. Ke2 0-0 11. Rf1 Bc5 12. Ng5 Nxe5 13. Nxf7 Nxf7 14. Rxf7 Qe6+ 15. Qxe6 dxe6 16. Rxf8+ Bxf8 17. Be3 Be7 18. Rf1 Bf6 19. b3 b6 20. g4 h6 21. Bxh6 gxh6 22. Rxf6 Kg7 23. Rf3 a6 24. a4 Rb8 25. Bd3 a5 26. Bc4 Bd7 27. Rd3 Rb7 28. Bb5 Bxb5 29. axb5 Kf6 30. Rd6 Ke5 31. Rc6 h5 32. gxh5 Kf5 33. Ke3 e5 34. h6 Rb8 35. h7 Rh8 36. Rc7 e4 37. h4 Ke5 38. c4 Kd6 39. Rc6+ Ke5 40. Rh6 1-0

[Event "Ruhrgebiet Regionalliga 1516"]
[Site "Germany"]
[Date "2015.12.06"]
[Round "4.3"]
[White "Guempges, Peter"]
[Black "Bastians, Felix"]
[Result "0-1"]
[WhiteElo "2075"]
[BlackElo "2087"]
[PlyCount "146"]
[EventDate "2015.09.13"]
[EventType "team-tourn"]
[EventRounds "9"]
[EventCountry "GER"]
[SourceTitle "EXT 2022"]
[Source "ChessBase"]
[SourceDate "2021.10.06"]
[SourceVersion "1"]
[SourceVersionDate "2021.10.06"]
[SourceQuality "1"]
[WhiteTeam "Borbeck Weisse Dame"]
[BlackTeam "Welper SV"]
[WhiteTeamCountry "GER"]
[BlackTeamCountry "GER"]

1. e4 e6 2. d4 d5 3. Nc3 Bb4 4. e5 Ne7 5. a3 Bxc3+ 6. bxc3 c5 7. Nf3 Nbc6 8. a4 Qa5 9. Bd2 Bd7 10. Bb5 c4 11. 0-0 0-0-0 12. Bg5 Rde8 13. Bxe7 Rxe7 14. Bxc6 Bxc6 15. Qd2 h6 16. Rfb1 Bxa4 17. Qc1 b5 18. Rb4 Rb7 19. Qf4 Qc7 20. Rb2 f5 21. h4 g6 22. Rba2 Qh7 23. Kf1 Rg8 24. Ke2 g5 25. hxg5 hxg5 26. Qh2 g4 27. Nh4 f4 28. Kd2 Rf7 29. Rh1 g3 30. Qh3 Kd7 31. Nf3 Qxh3 32. gxh3 gxf2 33. Ke2 Rg2 34. Rh2 Rxh2 35. Nxh2 Rh7 36. Kxf2 Rxh3 37. Nf3 Rh1 38. Ne1 Ke7 39. Ng2 Rc1 40. Kf3 Rxc2 41. Ra3 Rb2 42. Nxf4 Rb3 43. Rxb3 Bxb3 44. Ke3 Bc2 45. Kd2 Bf5 46. Kc1 a5 47. Kb2 b4 48. Nh5 Kd7 49. Nf6+ Kd8 50. Ng8 Bg6 51. Nf6 Ke7 52. Ng8+ Kd7 53. Nf6+ Kc6 54. Ng8 Bf7 55. Nf6 Kc7 56. Nh7 Kd7 57. Nf6+ Ke7 58. Nh7 Be8 59. Nf6 Kf7 60. Nh7 Kg7 61. Nf6 Ba4 62. Nh5+ Kg6 63. Nf6 Kf5 64. Nh7 Be8 65. Nf8 Bf7 66. Nd7 Ke4 67. Nc5+ Ke3 68. Kc2 Bg6+ 69. Kb2 Bf5 70. Na6 Kd2 71. cxb4 c3+ 72. Ka2 c2 73. Nc5 a4 0-1

[Event "Ruhrgebiet Regionalliga 1415"]
[Site "Germany"]
[Date "2015.02.22"]
[Round "6.4"]
[White "Bastians, Felix"]
[Black "Leveikina, Jevgenija"]
[Result "0-1"]
[WhiteElo "2038"]
[BlackElo "2055"]
[PlyCount "52"]
[EventDate "2014.09.28"]
[EventType "team-tourn"]
[EventRounds "9"]
[EventCountry "GER"]
[SourceTitle "EXT 2022"]
[Source "ChessBase"]
[SourceDate "2021.10.06"]
[SourceVersion "1"]
[SourceVersionDate "2021.10.06"]
[SourceQuality "1"]
[WhiteTeam "Welper SV"]
[BlackTeam "Herne Sodingen"]
[WhiteTeamCountry "GER"]
[BlackTeamCountry "GER"]

1. Nf3 c6 2. c4 d5 3. g3 Nf6 4. Bg2 g6 5. Qa4 dxc4 6. Qxc4 Bg7 7. 0-0 0-0 8. d3 Nbd7 9. Nc3 Nb6 10. Qh4 Nbd5 11. Bh6 Qb6 12. Rab1 Qb4 13. Ne4 Nh5 14. Bxg7 Kxg7 15. Rfc1 Qb6 16. Nc5 Qd8 17. e4 Nc7 18. Qg5 Nf6 19. Qe5 Kg8 20. h3 Ne6 21. Nxe6 Bxe6 22. d4 Bxa2 23. Ra1 Be6 24. Ng5 Bc8 25. Qc5 h6 26. e5 Nd7 0-1

[Event "NRW Verbandsliga Group1 1314"]
[Site "Nordrheinwestfalen"]
[Date "2013.11.03"]
[Round "3"]
[White "Bastians, Felix"]
[Black "Drzasga, Michael"]
[Result "1-0"]
[WhiteElo "2057"]
[BlackElo "1977"]
[PlyCount "113"]
[EventDate "2013.09.08"]
[EventType "team-tourn"]
[EventRounds "9"]
[EventCountry "GER"]
[SourceTitle "EXT 2020"]
[Source "ChessBase"]
[SourceDate "2019.10.17"]
[SourceVersion "1"]
[SourceVersionDate "2019.10.17"]
[SourceQuality "1"]
[WhiteTeam "Welper SV"]
[BlackTeam "Hoentrop SG"]
[WhiteTeamCountry "GER"]
[BlackTeamCountry "GER"]

1. e4 d5 2. exd5 Qxd5 3. Nc3 Qd6 4. d4 Nf6 5. Bd3 a6 6. Nge2 Bg4 7. f3 Bh5 8. Bf4 Qd7 9. Qd2 Nc6 10. 0-0-0 0-0-0 11. a3 e6 12. Bc4 Nd5 13. Bg3 h6 14. Bxd5 exd5 15. Nf4 Qf5 16. Bh4 g5 17. Nxh5 gxh4 18. Nf4 h5 19. Kb1 Bh6 20. Nce2 Rhg8 21. Qd3 Rg5 22. b3 Rdg8 23. g3 Re8 24. Nc3 Qxd3 25. Rxd3 hxg3 26. hxg3 Rxg3 27. Nfxd5 Bg7 28. Ne4 Rg2 29. Nf4 Rxe4 30. Nxg2 Rxd4 31. Rxd4 Nxd4 32. f4 Bf8 33. a4 b5 34. Rxh5 Ba3 35. Ne3 bxa4 36. bxa4 Ne2 37. Ka2 Bc1 38. Ng2 Nxf4 39. Nxf4 Bxf4 40. Rf5 Bd6 41. Rxf7 Kb7 42. Kb3 Kb6 43. Kc4 Ka5 44. Rf1 Ba3 45. Rh1 Bd6 46. Kb3 Kb6 47. Rh5 Bf4 48. Kc4 Bd2 49. Kd5 Ka5 50. Rh4 Be1 51. Rc4 Bg3 52. Kc6 Bd6 53. Rg4 Bh2 54. c3 Bf4 55. c4 Bd6 56. c5 Bxc5 57. Kxc5 1-0

[Event "Ruhrgebiet Verbandsliga1 1213"]
[Site "Nordrheinwestfalen"]
[Date "2012.09.30"]
[Round "2.4"]
[White "Begna, Bozidar"]
[Black "Bastians, Felix"]
[Result "0-1"]
[WhiteElo "1951"]
[BlackElo "2050"]
[PlyCount "70"]
[EventDate "2012.09.02"]
[EventType "team-tourn"]
[EventRounds "9"]
[EventCountry "GER"]
[SourceTitle "EXT 2020"]
[Source "ChessBase"]
[SourceDate "2019.10.17"]
[SourceVersion "1"]
[SourceVersionDate "2019.10.17"]
[SourceQuality "1"]
[WhiteTeam "Dortmund Hansa III"]
[BlackTeam "Welper SV"]
[WhiteTeamCountry "GER"]
[BlackTeamCountry "GER"]

1. e4 Nf6 2. e5 Nd5 3. c4 Nb6 4. c5 Nd5 5. Nc3 e6 6. Nxd5 exd5 7. d4 d6 8. cxd6 cxd6 9. Nf3 Nc6 10. Be2 Be7 11. 0-0 0-0 12. Be3 Be6 13. Qd2 Rc8 14. Rfc1 Re8 15. exd6 Bxd6 16. Bf4 Bg4 17. Bxd6 Qxd6 18. h3 Bh5 19. Rc3 Re4 20. Bd3 Bxf3 21. Bxe4 Bxe4 22. Re1 Rd8 23. Rce3 h6 24. Rb3 Qf6 25. f3 Nxd4 26. fxe4 Nxb3 27. axb3 dxe4 28. Qa5 Qd4+ 29. Kh1 Rd5 30. Qc7 Qf2 31. Rxe4 Rd1+ 32. Kh2 Qg1+ 33. Kg3 Rd3+ 34. Kh4 Qf2+ 35. g3 Qf6+ 0-1

[Event "Ruhrgebiet Regionalliga 1112"]
[Site "Nordrheinwestfalen"]
[Date "2011.12.18"]
[Round "5.5"]
[White "Bastians, Felix"]
[Black "Boehm, Malte"]
[Result "1/2-1/2"]
[WhiteElo "2022"]
[BlackElo "1963"]
[PlyCount "53"]
[EventDate "2011.09.25"]
[EventType "team-tourn"]
[EventRounds "9"]
[EventCountry "GER"]
[SourceTitle "EXT 2020"]
[Source "ChessBase"]
[SourceDate "2019.10.17"]
[SourceVersion "1"]
[SourceVersionDate "2019.10.17"]
[SourceQuality "1"]
[WhiteTeam "Welper SV"]
[BlackTeam "Brackel SF"]
[WhiteTeamCountry "GER"]
[BlackTeamCountry "GER"]

1. e4 c5 2. Nf3 d6 3. Bb5+ Nd7 4. c3 Ngf6 5. Qe2 e5 6. 0-0 Be7 7. d4 0-0 8. Rd1 Qc7 9. dxe5 dxe5 10. a4 a6 11. Bd3 Nb8 12. Nbd2 Nc6 13. h3 h6 14. Nc4 b6 15. Ne3 Be6 16. Bc4 Bxc4 17. Nxc4 Rfd8 18. Re1 Rab8 19. Ne3 b5 20. Nf5 Bf8 21. g4 Qd7 22. axb5 axb5 23. Ra6 Qb7 24. Ra1 Qd7 25. Ra6 Qb7 26. Ra1 Qd7 27. Ra6 1/2-1/2

[Event "Ruhrgebiet Verbandsliga2 1011"]
[Site "Nordrheinwestfalen"]
[Date "2011.03.20"]
[Round "8.7"]
[White "Nattermueller, Mathias"]
[Black "Bastians, Felix"]
[Result "0-1"]
[WhiteElo "1968"]
[BlackElo "1921"]
[PlyCount "66"]
[EventDate "2010.09.12"]
[EventType "team-tourn"]
[EventRounds "9"]
[EventCountry "GER"]
[SourceTitle "EXT 2020"]
[Source "ChessBase"]
[SourceDate "2019.10.17"]
[SourceVersion "1"]
[SourceVersionDate "2019.10.17"]
[SourceQuality "1"]
[WhiteTeam "Ahlen SV"]
[BlackTeam "Welper SV"]
[WhiteTeamCountry "GER"]
[BlackTeamCountry "GER"]

1. d4 Nf6 2. Bg5 e6 3. e4 h6 4. Bxf6 Qxf6 5. Nf3 d6 6. Nc3 g5 7. h3 Nc6 8. Bb5 a6 9. Bc4 h5 10. Ne2 Bd7 11. Qd3 g4 12. Nd2 Bg7 13. c3 Na5 14. Bb3 Nxb3 15. axb3 Qg6 16. hxg4 hxg4 17. Rxh8+ Bxh8 18. Qc4 0-0-0 19. Qb4 d5 20. exd5 exd5 21. 0-0-0 Bg7 22. Nf4 Qf5 23. g3 Bh6 24. Qc5 Bxf4 25. gxf4 Bc6 26. Re1 Rh8 27. Qa7 Kd7 28. c4 b6 29. cxd5 Bxd5 30. Qxa6 Ra8 31. Qb5+ c6 32. Qxb6 Ra1+ 33. Nb1 Qxb1+ 0-1

[Event "Ruhrgebiet Verbandsliga2 1011"]
[Site "Nordrheinwestfalen"]
[Date "2011.02.27"]
[Round "7.7"]
[White "Bastians, Felix"]
[Black "Zwielich, Frank"]
[Result "0-1"]
[WhiteElo "1921"]
[BlackElo "1950"]
[PlyCount "76"]
[EventDate "2010.09.12"]
[EventType "team-tourn"]
[EventRounds "9"]
[EventCountry "GER"]
[SourceTitle "EXT 2020"]
[Source "ChessBase"]
[SourceDate "2019.10.17"]
[SourceVersion "1"]
[SourceVersionDate "2019.10.17"]
[SourceQuality "1"]
[WhiteTeam "Welper SV"]
[BlackTeam "Wattenscheid SV IV"]
[WhiteTeamCountry "GER"]
[BlackTeamCountry "GER"]

1. e4 c5 2. Nf3 e6 3. d4 cxd4 4. Nxd4 a6 5. c4 Qc7 6. a3 Nf6 7. Nc3 b6 8. Be3 Bb7 9. f3 d6 10. Be2 Nbd7 11. Rc1 Rc8 12. 0-0 Be7 13. b4 0-0 14. Nb3 Qb8 15. Qd4 Bd8 16. Kh1 Bc7 17. Bg1 Rfe8 18. Rc2 Qa8 19. Rd1 d5 20. cxd5 Be5 21. Qd3 Bxc3 22. dxe6 Ne5 23. Qe3 Nxe4 24. Bf1 Nxf3 25. exf7+ Kxf7 26. Qxf3+ Bf6 27. Rxc8 Qxc8 28. Bd3 Kg8 29. Bxb6 Nc3 30. Qh5 g6 31. Bxg6 hxg6 32. Qxg6+ Bg7 33. Bd4 Re7 34. Bxc3 Be4 35. Qg3 Qxc3 36. Rd8+ Kf7 37. Qf4+ Bf6 38. Nd2 Bd3 0-1

[Event "Ruhrgebiet Verbandsliga2 1011"]
[Site "Nordrheinwestfalen"]
[Date "2010.12.05"]
[Round "4.7"]
[White "Kroener, Alexander"]
[Black "Bastians, Felix"]
[Result "0-1"]
[WhiteElo "1906"]
[BlackElo "1921"]
[PlyCount "96"]
[EventDate "2010.09.12"]
[EventType "team-tourn"]
[EventRounds "9"]
[EventCountry "GER"]
[SourceTitle "EXT 2020"]
[Source "ChessBase"]
[SourceDate "2019.10.17"]
[SourceVersion "1"]
[SourceVersionDate "2019.10.17"]
[SourceQuality "1"]
[WhiteTeam "Holsterhausen SK"]
[BlackTeam "Welper SV"]
[WhiteTeamCountry "GER"]
[BlackTeamCountry "GER"]

1. e4 d6 2. d4 Nf6 3. Nc3 g6 4. f4 Bg7 5. Nf3 c5 6. e5 dxe5 7. Bb5+ Nfd7 8. dxe5 0-0 9. 0-0 a6 10. Be2 Nc6 11. Be3 Qa5 12. Ng5 e6 13. Nce4 h6 14. Nf3 Ne7 15. Nd6 Nf5 16. Bd2 Qc7 17. Nxf5 exf5 18. Bc3 Re8 19. Nh4 Nf8 20. Rf3 Ne6 21. Qf1 b5 22. Rd1 b4 23. Be1 Nd4 24. Rfd3 a5 25. c3 Nxe2+ 26. Qxe2 Ba6 27. e6 Rxe6 28. Qf3 Rae8 29. Bf2 Bxd3 30. Qxd3 Qxf4 31. Nf3 Bf6 32. Bxc5 bxc3 33. bxc3 Qa4 34. Rd2 Re4 35. Bd4 Qc6 36. Rb2 Bxd4+ 37. Nxd4 Re1+ 38. Kf2 Qd6 39. Rd2 R1e3 40. Qc2 Qxh2 41. Nf3 Qc7 42. c4 Qc5 43. Kf1 h5 44. Rd5 Qa3 45. Qd2 Rxf3+ 46. gxf3 Qxf3+ 47. Qf2 Qh1+ 48. Qg1 Re1+ 0-1

[Event "Ruhrgebiet Verbandsliga2 1011"]
[Site "Nordrheinwestfalen"]
[Date "2010.09.12"]
[Round "1.6"]
[White "Bastians, Felix"]
[Black "Reiter, Hans Ernst"]
[Result "1-0"]
[WhiteElo "1921"]
[BlackElo "2052"]
[PlyCount "47"]
[EventDate "2010.09.12"]
[EventType "team-tourn"]
[EventRounds "9"]
[EventCountry "GER"]
[SourceTitle "EXT 2020"]
[Source "ChessBase"]
[SourceDate "2019.10.17"]
[SourceVersion "1"]
[SourceVersionDate "2019.10.17"]
[SourceQuality "1"]
[WhiteTeam "Welper SV"]
[BlackTeam "Muelheim Nord III"]
[WhiteTeamCountry "GER"]
[BlackTeamCountry "GER"]

1. e4 d5 2. exd5 Qxd5 3. Nc3 Qa5 4. d4 c6 5. Bc4 Bf5 6. Bd2 Qc7 7. Bxf7+ Kxf7 8. Qf3 e6 9. g4 g6 10. 0-0-0 Nf6 11. gxf5 exf5 12. Nh3 h6 13. Nf4 Bd6 14. Rhg1 Rg8 15. Rde1 g5 16. Nh5 Qd7 17. Nxf6 Kxf6 18. Qh5 Bf8 19. d5 Kg7 20. Re6 Kh7 21. Rf6 Bg7 22. Qg6+ Kh8 23. Rf7 Qd8 24. Bxg5 1-0

[Event "Ruhrgebiet Regionalliga 0910"]
[Site "Germany"]
[Date "2010.03.14"]
[Round "8.4"]
[White "Bastians, Felix"]
[Black "Kleinegger, Frank"]
[Result "0-1"]
[WhiteElo "2133"]
[BlackElo "2206"]
[PlyCount "68"]
[EventDate "2009.09.06"]
[EventType "team-tourn"]
[EventRounds "9"]
[EventCountry "GER"]
[SourceTitle "EXT 2011"]
[Source "ChessBase"]
[SourceDate "2010.11.26"]
[SourceVersion "1"]
[SourceVersionDate "2010.11.26"]
[SourceQuality "1"]
[WhiteTeam "Welper SV"]
[BlackTeam "Kamen"]
[WhiteTeamCountry "GER"]
[BlackTeamCountry "GER"]

1. e4 e6 2. d4 d5 3. e5 c5 4. c3 Nc6 5. Nf3 Nge7 6. a3 cxd4 7. cxd4 Nf5 8. Nc3 Be7 9. Be2 0-0 10. 0-0 a6 11. h3 b5 12. Bf4 Qb6 13. Be3 f6 14. Bd3 Nxe3 15. fxe3 fxe5 16. Bxh7+ Kxh7 17. Ng5+ Kg8 18. Qh5 Bxg5 19. Rxf8+ Kxf8 20. Qxg5 Qd8 21. Qg6 Kg8 22. Nxd5 exd5 23. Qxc6 Bf5 24. dxe5 Rc8 25. Qxa6 Qg5 26. Kh1 Rc2 27. Qa8+ Kh7 28. Qxd5 Qxe3 29. Qf3 Qxf3 30. gxf3 Rxb2 31. a4 b4 32. Re1 Kg8 33. e6 Rb1 34. Rxb1 Bxb1 0-1

[Event "Ruhrgebiet VL2 0708"]
[Site "Germany"]
[Date "2008.03.30"]
[Round "8.3"]
[White "Bastians, Felix"]
[Black "Hermann, Thomas"]
[Result "0-1"]
[WhiteElo "2133"]
[BlackElo "2003"]
[PlyCount "66"]
[EventDate "2007.09.02"]
[EventType "team"]
[EventRounds "9"]
[EventCountry "GER"]
[SourceTitle "EXT 2009"]
[Source "ChessBase"]
[SourceDate "2008.11.26"]
[SourceVersion "1"]
[SourceVersionDate "2008.11.26"]
[SourceQuality "1"]
[WhiteTeam "Welper SV"]
[BlackTeam "Hervest Dorsten"]
[WhiteTeamCountry "GER"]
[BlackTeamCountry "GER"]

1. e4 g6 2. d4 c6 3. Nf3 d5 4. e5 Bg4 5. Be2 e6 6. 0-0 Qb6 7. h3 Bxf3 8. Bxf3 Nd7 9. c3 Ne7 10. Re1 Nf5 11. b3 c5 12. Bb2 Be7 13. Qd3 Rc8 14. Nd2 Bg5 15. g3 0-0 16. h4 Bh6 17. Kg2 Qa5 18. Nf1 cxd4 19. cxd4 Rc6 20. Ne3 Rfc8 21. Re2 Qc7 22. Rh1 Bxe3 23. fxe3 Rc2 24. Rhe1 Rxe2+ 25. Rxe2 f6 26. e4 dxe4 27. Qxe4 fxe5 28. Qxb7 e4 29. Qxe4 Qxg3+ 30. Kf1 Rf8 31. Qxe6+ Rf7 32. Qe8+ Nf8 33. Rf2 Nxh4 0-1

[Event "Ruhrgebiet VL2 0708"]
[Site "Germany"]
[Date "2007.12.09"]
[Round "4.3"]
[White "Jacubowski, Andreas"]
[Black "Bastians, Felix"]
[Result "0-1"]
[WhiteElo "2191"]
[BlackElo "2152"]
[PlyCount "106"]
[EventDate "2007.09.02"]
[EventType "team"]
[EventRounds "9"]
[EventCountry "GER"]
[SourceTitle "EXT 2009"]
[Source "ChessBase"]
[SourceDate "2008.11.26"]
[SourceVersion "1"]
[SourceVersionDate "2008.11.26"]
[SourceQuality "1"]
[WhiteTeam "Altenessen "]
[BlackTeam "Welper SV"]
[WhiteTeamCountry "GER"]
[BlackTeamCountry "GER"]

1. e4 d6 2. Nf3 Nf6 3. Nc3 g6 4. d4 Bg7 5. h3 0-0 6. Be3 a6 7. a4 Nbd7 8. Qd2 c5 9. Be2 cxd4 10. Bxd4 Nc5 11. e5 Nfe4 12. Nxe4 Nxe4 13. Qb4 a5 14. Qb5 Bf5 15. g4 Be6 16. Qxb7 dxe5 17. Qxe4 Bd5 18. Qd3 exd4 19. 0-0 e5 20. Nd2 f5 21. Qb5 Rb8 22. Qxd5+ Qxd5 23. Bc4 Rfd8 24. b3 e4 25. Rad1 Kf7 26. Rfe1 Rb4 27. Bxd5+ Rxd5 28. gxf5 gxf5 29. Nc4 Ke6 30. Kg2 Rc5 31. Rb1 Kd5 32. Red1 Rb8 33. Ne3+ Ke5 34. Nc4+ Kf4 35. Rg1 Bf6 36. Rgd1 Rg8+ 37. Kf1 Kf3 38. Nd2+ Kf4 39. Nc4 Rd8 40. Ke2 Rd7 41. Rd2 Rg7 42. Rdd1 Rgc7 43. Rd2 R7c6 44. Rg1 Be5 45. Rg8 Rxc4 46. bxc4 Rxc4 47. h4 Rxa4 48. h5 Ra1 49. Ra8 Rh1 50. Rxa5 d3+ 51. cxd3 Bc3 52. dxe4 Bxa5 53. Rd5 Re1+ 0-1

[Event "Ruhrgebiet VL2 0708"]
[Site "Germany"]
[Date "2007.11.18"]
[Round "3.3"]
[White "Bastians, Felix"]
[Black "Wilbert, Siegfried"]
[Result "1-0"]
[WhiteElo "2152"]
[BlackElo "2150"]
[PlyCount "55"]
[EventDate "2007.09.02"]
[EventType "team"]
[EventRounds "9"]
[EventCountry "GER"]
[SourceTitle "EXT 2009"]
[Source "ChessBase"]
[SourceDate "2008.11.26"]
[SourceVersion "1"]
[SourceVersionDate "2008.11.26"]
[SourceQuality "1"]
[WhiteTeam "Welper SV"]
[BlackTeam "Buer"]
[WhiteTeamCountry "GER"]
[BlackTeamCountry "GER"]

1. e4 c5 2. Nf3 Nc6 3. d4 cxd4 4. Nxd4 Nf6 5. Nc3 e5 6. Ndb5 d6 7. Bg5 a6 8. Na3 b5 9. Nd5 Be7 10. Bxf6 Bxf6 11. c3 Bg5 12. Nc2 0-0 13. Be2 Be6 14. a4 Rb8 15. 0-0 g6 16. axb5 axb5 17. Ra6 Ne7 18. Rxd6 Qc8 19. Ncb4 Nxd5 20. exd5 Bd7 21. Ra6 Rd8 22. Bf3 f5 23. d6 e4 24. Bxe4 Bf4 25. Bd5+ Be6 26. Qb3 Bxd5 27. Qxd5+ Kg7 28. Qd4+ 1-0

[Event "Muensterland op 24th"]
[Site "Senden"]
[Date "2006.10.11"]
[Round "6"]
[White "Bastians, Felix"]
[Black "Kleinegger, Frank"]
[Result "1-0"]
[WhiteElo "2139"]
[BlackElo "2256"]
[PlyCount "115"]
[EventDate "2006.10.07"]
[EventType "swiss"]
[EventRounds "9"]
[EventCountry "GER"]
[SourceTitle "CBM 114 Extra"]
[Source "ChessBase"]
[SourceDate "2006.11.03"]
[SourceVersion "1"]
[SourceVersionDate "2006.11.03"]
[SourceQuality "1"]

1. e4 e5 2. Nf3 d6 3. Bc4 Nf6 4. Ng5 d5 5. exd5 h6 6. Nf3 e4 7. Ne5 Bd6 8. d4 exd3 9. Nxd3 0-0 10. 0-0 Ng4 11. f4 Qh4 12. h3 Nf6 13. Qf3 Bf5 14. Nc3 c6 15. Be3 Bg4 16. Qf2 Qxf2+ 17. Bxf2 Bf5 18. Bd4 cxd5 19. Nxd5 Ne4 20. Be5 Nc6 21. Bb5 Rad8 22. Bxc6 bxc6 23. Bxd6 Nxd6 24. Ne7+ Kh7 25. Nxc6 Rc8 26. Nd4 Be4 27. Rad1 Nc4 28. Rfe1 Bxd3 29. Rxd3 Nxb2 30. Rb3 Rc4 31. Rxb2 Rxd4 32. Re7 Rd2 33. Kf1 a5 34. Re2 Rd4 35. g3 Rc8 36. Ke1 Rc3 37. Rb3 Rc7 38. Rd2 Re4+ 39. Kd1 a4 40. Rbd3 Rb7 41. c3 a3 42. Rf3 Rb1+ 43. Kc2 Rb2+ 44. Kd3 Re1 45. Rff2 Rb7 46. c4 Rd7+ 47. Kc2 Rb7 48. Kc3 Re3+ 49. Rd3 Re4 50. Rc2 h5 51. h4 Kg6 52. c5 Kf5 53. c6 Rc7 54. Kb3 Re6 55. Rc5+ Ke4 56. Rdc3 g6 57. R5c4+ Kd5 58. Rd3# 1-0

[Event "Muensterland op 24th"]
[Site "Senden"]
[Date "2006.10.08"]
[Round "3"]
[White "Borovikov, Vladislav"]
[Black "Bastians, Felix"]
[Result "1-0"]
[WhiteElo "2578"]
[BlackElo "2139"]
[PlyCount "87"]
[EventDate "2006.10.07"]
[EventType "swiss"]
[EventRounds "9"]
[EventCountry "GER"]
[SourceTitle "CBM 114 Extra"]
[Source "ChessBase"]
[SourceDate "2006.11.03"]
[SourceVersion "1"]
[SourceVersionDate "2006.11.03"]
[SourceQuality "1"]

1. d4 Nf6 2. Nf3 c5 3. d5 e6 4. c4 exd5 5. cxd5 d6 6. Nc3 g6 7. h3 Bg7 8. e4 0-0 9. Bd3 b5 10. Bxb5 Nxe4 11. Nxe4 Qa5+ 12. Nfd2 Qxb5 13. Nxd6 Qa6 14. N2c4 Nd7 15. 0-0 Nb6 16. Nxb6 axb6 17. Qb3 Bd7 18. Bg5 Qe2 19. Rae1 Qxb2 20. Qxb2 Bxb2 21. Re7 Ba4 22. Nc4 Bg7 23. Nxb6 Ra6 24. Nxa4 Rxa4 25. Rc7 Be5 26. Rxc5 f6 27. Be3 Rd8 28. g4 Rxa2 29. Rd1 Ra1 30. Rxa1 Bxa1 31. Bf4 Bd4 32. Rb5 Be5 33. Bxe5 fxe5 34. Kg2 Rd7 35. Kf3 Rf7+ 36. Ke3 Rf4 37. Rb8+ Kf7 38. Rb7+ Kg8 39. d6 Rd4 40. d7 Kf8 41. Rb8+ Ke7 42. d8Q+ Rxd8 43. Rxd8 Kxd8 44. Ke4 1-0